000 00519nam a2200181Ia 4500
003 OSt
005 20200924095923.0
008 190216s9999||||xx |||||||||||||| ||und||
020 _a9788188237609
040 _coclc
082 _a571.92
_bSAM/T
100 _aSambamurty, A V S S
_94831
245 0 _aTextbook Of Plant Pathology /
_cA V S S Sambamurty
260 _bI.K.International,
_c2008.
_aNew Delhi:
300 _a416p
650 _aBotany
942 _cBK
_2ddc
_h571.92
_iSAM/T
_k571.92
_mSAM/T
999 _c1836
_d1836